Women, law and free legal aid in india / (Record no. 125697)

MARC details
000 -LEADER
fixed length control field 00734nam a22002297a 4500
005 - DATE AND TIME OF LATEST TRANSACTION
control field 20170124105958.0
010 ## - LIBRARY OF CONGRESS CONTROL NUMBER
LC control number A-943905
020 ## - INTERNATIONAL STANDARD BOOK NUMBER
International Standard Book Number 817629098
Terms of availability 00.00
035 ## - SYSTEM CONTROL NUMBER
System control number A-943905
037 ## - SOURCE OF ACQUISITION
Source of stock number/acquisition Cen Lib/Ret
040 ## - CATALOGING SOURCE
Original cataloging agency DPL
Language of cataloging EN
082 ## - DEWEY DECIMAL CLASSIFICATION NUMBER
Classification number 347.54017
Item number MUK
100 ## - MAIN ENTRY--PERSONAL NAME
Personal name Mukherjee, Roma
9 (RLIN) 88876
245 ## - TITLE STATEMENT
Title Women, law and free legal aid in india /
Statement of responsibility, etc by Roma Mukherjee
260 ## - PUBLICATION, DISTRIBUTION, ETC. (IMPRINT)
Place of publication, distribution, etc New Delhi
Name of publisher, distributor, etc Deep & Deep Publications
Date of publication, distribution, etc 1998
270 ## - ADDRESS
Address F-159, rajouri garden
City New Delhi
Postal code 110027
300 ## - PHYSICAL DESCRIPTION
Extent xiv, 174p.
Dimensions 25cm(pbk)
500 ## - GENERAL NOTE
General note Includes bibliographical references and index
650 ## - SUBJECT ADDED ENTRY--TOPICAL TERM
Topical term or geographic name as entry element Constitution
Geographic subdivision India
9 (RLIN) 88877
650 ## - SUBJECT ADDED ENTRY--TOPICAL TERM
Topical term or geographic name as entry element Legal aaid services
9 (RLIN) 88878
942 ## - ADDED ENTRY ELEMENTS (KOHA)
Source of classification or shelving scheme Dewey Decimal Classification
Koha item type English Books
Classification part 347.54017
Call number suffix MUK
Holdings
Withdrawn status Lost status Damaged status Not for loan Home library Current library Date acquired Source of acquisition Cost, normal purchase price Total Checkouts Full call number Barcode Date last seen Copy number Cost, replacement price Price effective from Koha item type
        Central Library Central Library 23/06/2015 Cen Lib/Ret 0.00   347.54017 MUK A-943905 23/06/2015 1 0.00 23/06/2015 English Books

© Delhi Public Library
Hit Counter
free hit counter